[Event "Pardubice Czech op-B 30th"]
[Site "Pardubice"]
[Date "2019.07.26"]
[Round "8"]
[White "Maslak, Alexander"]
[Black "Janecek, Vaclav"]
[Result "1/2-1/2"]
[WhiteElo "2110"]
[BlackElo "1857"]
[PlyCount "95"]
[EventDate "2019.07.19"]
[EventType "swiss"]
[EventRounds "9"]
[EventCountry "CZE"]
[SourceTitle "EXT 2020"]
[Source "ChessBase"]
[SourceDate "2019.10.17"]
[SourceVersion "1"]
[SourceVersionDate "2019.10.17"]
[SourceQuality "1"]

1. e4 e5 2. Nf3 Nf6 3. Nxe5 d6 4. Nf3 Nxe4 5. Qe2 Qe7 6. d3 Nf6 7. Nc3 Bg4 8. Be3 c6 9. h3 Be6 10. 0-0-0 Na6 11. Nd4 Nc7 12. Nxe6 Nxe6 13. f4 g6 14. Qf2 a6 15. g4 0-0-0 16. f5 Nc7 17. Bg5 Bg7 18. Re1 Qf8 19. Qh4 Re8 20. Bg2 Rxe1+ 21. Rxe1 Nce8 22. Rf1 h6 23. Bd2 g5 24. Qf2 d5 25. Na4 Nd7 26. Nb6+ Nxb6 27. Qxb6 Bf6 28. Bb4 Bd8 29. Qd4 Bf6 30. Qc5 Qxc5 31. Bxc5 Kd7 32. c4 Nc7 33. Bf3 Re8 34. b3 Be5 35. Re1 dxc4 36. dxc4 Bb2+ 37. Kd1 Rxe1+ 38. Kxe1 Bg7 39. Kd2 Ne8 40. a4 Nd6 41. Kd3 Bf6 42. Be2 Be5 43. Bf2 Bf6 44. c5 Ne8 45. Ke4 Bb2 46. Bc4 Nf6+ 47. Kf3 Ke7 48. Bg3 1/2-1/2

[Event "Pardubice Czech op-B 30th"]
[Site "Pardubice"]
[Date "2019.07.25"]
[Round "7"]
[White "Malygin, Vladislav"]
[Black "Maslak, Alexander"]
[Result "1/2-1/2"]
[WhiteElo "1855"]
[BlackElo "2110"]
[PlyCount "50"]
[EventDate "2019.07.19"]
[EventType "swiss"]
[EventRounds "9"]
[EventCountry "CZE"]
[SourceTitle "EXT 2020"]
[Source "ChessBase"]
[SourceDate "2019.10.17"]
[SourceVersion "1"]
[SourceVersionDate "2019.10.17"]
[SourceQuality "1"]

1. d4 Nf6 2. c4 e6 3. Nf3 c5 4. Nc3 cxd4 5. Nxd4 a6 6. g3 Qc7 7. Bg2 d6 8. 0-0 Be7 9. b3 0-0 10. Bb2 Nbd7 11. Rc1 Rd8 12. Qd2 Nc5 13. b4 Ncd7 14. a3 Ne5 15. Na4 Bd7 16. Qc2 Rac8 17. c5 Bxa4 18. Qxa4 d5 19. Rc2 Nc6 20. Rfc1 Nd7 21. Nxc6 Qxc6 22. Qxc6 bxc6 23. e3 Bf6 24. Bf1 Bxb2 25. Rxb2 Ra8 1/2-1/2

[Event "Pardubice Czech op-B 30th"]
[Site "Pardubice"]
[Date "2019.07.24"]
[Round "6"]
[White "Maslak, Alexander"]
[Black "Jares, Michal"]
[Result "1-0"]
[WhiteElo "2110"]
[BlackElo "1952"]
[PlyCount "116"]
[EventDate "2019.07.19"]
[EventType "swiss"]
[EventRounds "9"]
[EventCountry "CZE"]
[SourceTitle "EXT 2020"]
[Source "ChessBase"]
[SourceDate "2019.10.17"]
[SourceVersion "1"]
[SourceVersionDate "2019.10.17"]
[SourceQuality "1"]

1. e4 c5 2. Nf3 d6 3. d4 cxd4 4. Nxd4 Nf6 5. Nc3 g6 6. Be3 Bg7 7. f3 0-0 8. Bc4 Nc6 9. Qd2 Nd7 10. 0-0-0 Nde5 11. Be2 Nxd4 12. Bxd4 Bd7 13. f4 Ng4 14. h3 e5 15. Bg1 Nf6 16. Qxd6 Bc6 17. Qxe5 Qc8 18. Bd4 Re8 19. Qa5 Nxe4 20. Bxg7 Kxg7 21. Rhf1 Ng3 22. Rf2 Qe6 23. Qc5 Qe3+ 24. Qxe3 Rxe3 25. Bd3 Rae8 26. Kd2 f5 27. Rg1 R3e7 28. Ne2 Ne4+ 29. Bxe4 fxe4 30. Ke3 Rd7 31. Nd4 Bd5 32. Rd1 Rc8 33. Rfd2 Kf7 34. Ne2 Rcd8 35. Nc3 Bc6 36. Rxd7+ Bxd7 37. Nxe4 b6 38. Ng5+ Ke7 39. Nxh7 Rc8 40. Rd2 Bf5 41. c3 Rc4 42. Ng5 Bb1 43. a3 a5 44. g4 Rc8 45. h4 Rh8 46. Nf3 Re8 47. b3 Rc8 48. c4 g5 49. hxg5 a4 50. Rb2 Bh7 51. Ne5 axb3 52. Rxb3 Ra8 53. f5 Bg8 54. Kf4 Rc8 55. Rxb6 Bxc4 56. Rc6 Rxc6 57. Nxc6+ Kd6 58. Ne5 Bd5 1-0

[Event "Pardubice Czech op-B 30th"]
[Site "Pardubice"]
[Date "2019.07.23"]
[Round "5"]
[White "Golsta, Madara"]
[Black "Maslak, Alexander"]
[Result "1/2-1/2"]
[WhiteElo "1956"]
[BlackElo "2110"]
[PlyCount "66"]
[EventDate "2019.07.19"]
[EventType "swiss"]
[EventRounds "9"]
[EventCountry "CZE"]
[SourceTitle "EXT 2020"]
[Source "ChessBase"]
[SourceDate "2019.10.17"]
[SourceVersion "1"]
[SourceVersionDate "2019.10.17"]
[SourceQuality "1"]

1. e4 c5 2. Nf3 Nc6 3. d4 cxd4 4. Nxd4 Nf6 5. Nc3 d6 6. Bg5 e6 7. Qd2 a6 8. 0-0-0 Bd7 9. f3 Qa5 10. h4 Rc8 11. Nb3 Qc7 12. Kb1 Be7 13. Bf4 Ne5 14. Be2 b5 15. a3 0-0 16. g4 Rfd8 17. g5 Nh5 18. Bh2 Nc4 19. Bxc4 bxc4 20. Nd4 Qb7 21. Ka2 g6 22. f4 Bf8 23. Rhf1 Bg7 24. f5 Rb8 25. Rb1 e5 26. Nde2 gxf5 27. exf5 Qg2 28. Bg1 Ng3 29. Rf2 Ne4 30. Nxe4 Qxe4 31. Nc3 Qb7 32. g6 hxg6 33. fxg6 fxg6 1/2-1/2

[Event "Pardubice Czech op-B 30th"]
[Site "Pardubice"]
[Date "2019.07.21"]
[Round "3"]
[White "Yaghy, Ritta"]
[Black "Maslak, Alexander"]
[Result "1/2-1/2"]
[WhiteElo "1912"]
[BlackElo "2110"]
[PlyCount "37"]
[EventDate "2019.07.19"]
[EventType "swiss"]
[EventRounds "9"]
[EventCountry "CZE"]
[SourceTitle "EXT 2020"]
[Source "ChessBase"]
[SourceDate "2019.10.17"]
[SourceVersion "1"]
[SourceVersionDate "2019.10.17"]
[SourceQuality "1"]

1. e4 c5 2. Nf3 Nc6 3. d4 cxd4 4. Nxd4 Nf6 5. Nc3 d6 6. Be2 e5 7. Nb3 Be7 8. Be3 0-0 9. 0-0 a5 10. Bb5 Be6 11. Qe1 Nb4 12. Rc1 Rc8 13. Qe2 d5 14. exd5 Nfxd5 15. Nxd5 Nxd5 16. Bd2 b6 17. Rfd1 Qc7 18. c4 Nf6 19. h3 1/2-1/2

[Event "Pardubice Czech op-B 29th"]
[Site "Pardubice"]
[Date "2018.07.20"]
[Round "1"]
[White "Maslak, Alexander"]
[Black "Novotna, Tereza"]
[Result "1/2-1/2"]
[WhiteElo "2154"]
[BlackElo "1890"]
[PlyCount "39"]
[EventDate "2018.07.20"]
[EventType "swiss"]
[EventRounds "9"]
[EventCountry "CZE"]
[SourceTitle "CBM 186 Extra"]
[Source "ChessBase"]
[SourceDate "2018.08.24"]
[SourceVersion "1"]
[SourceVersionDate "2018.08.24"]
[SourceQuality "1"]

1. e4 d5 2. exd5 Nf6 3. Nf3 Qxd5 4. Nc3 Qh5 5. d4 Bg4 6. Bf4 Bxf3 7. Qxf3 Qxf3 8. gxf3 c6 9. 0-0-0 Nbd7 10. Ne4 h6 11. c4 g6 12. Bh3 Bg7 13. Rhe1 Kf8 14. Nxf6 Nxf6 15. d5 cxd5 16. cxd5 Rd8 17. Be5 Rxd5 18. Bxf6 Rxd1+ 19. Rxd1 Bxf6 20. Rd7 1/2-1/2

[Event "Pardubice op rapid 29th"]
[Site "Pardubice"]
[Date "2018.07.19"]
[Round "8"]
[White "Maslak, Alexander"]
[Black "Kusa, Jakub"]
[Result "1-0"]
[WhiteElo "2154"]
[BlackElo "2061"]
[PlyCount "81"]
[EventDate "2018.07.18"]
[EventType "swiss (rapid)"]
[EventRounds "9"]
[EventCountry "CZE"]
[SourceTitle "CBM 185 Extra"]
[Source "ChessBase"]
[SourceDate "2018.07.29"]
[SourceVersion "1"]
[SourceVersionDate "2018.07.29"]
[SourceQuality "1"]

1. e4 e5 2. Nf3 Nc6 3. Bb5 a6 4. Ba4 Nf6 5. 0-0 Nxe4 6. d4 b5 7. Bb3 d5 8. dxe5 Be6 9. c3 Bc5 10. Qe2 0-0 11. Be3 Qe7 12. Nbd2 Bxe3 13. Qxe3 Nc5 14. Nd4 Na5 15. Bc2 Nd7 16. b4 Nc4 17. Nxc4 bxc4 18. f4 f5 19. exf6 Rxf6 20. f5 Raf8 21. fxe6 c5 22. bxc5 Nxc5 23. Rxf6 Qxf6 24. Re1 Nd3 25. Bxd3 cxd3 26. e7 Re8 27. Qxd3 Rxe7 28. Rxe7 Qxe7 29. Qe2 Qd8 30. Qxa6 Qb8 31. Qe6+ Kh8 32. Qxd5 Qb1+ 33. Kf2 Qb2+ 34. Ne2 Qb6+ 35. Qd4 Qb8 36. g3 h5 37. c4 Kh7 38. Qd5 Qb6+ 39. c5 Qf6+ 40. Qf3 Qe7 41. Qxh5+ 1-0

[Event "Pardubice op rapid 29th"]
[Site "Pardubice"]
[Date "2018.07.19"]
[Round "9"]
[White "Rosko, Lubos"]
[Black "Maslak, Alexander"]
[Result "1/2-1/2"]
[WhiteElo "2279"]
[BlackElo "2154"]
[PlyCount "71"]
[EventDate "2018.07.18"]
[EventType "swiss (rapid)"]
[EventRounds "9"]
[EventCountry "CZE"]
[SourceTitle "CBM 185 Extra"]
[Source "ChessBase"]
[SourceDate "2018.07.29"]
[SourceVersion "1"]
[SourceVersionDate "2018.07.29"]
[SourceQuality "1"]

1. e4 c5 2. Nf3 Nc6 3. Bb5 g6 4. Bxc6 dxc6 5. h3 Bg7 6. d3 e5 7. Nbd2 f6 8. Nc4 Be6 9. Be3 b6 10. Qd2 Bxc4 11. dxc4 Qxd2+ 12. Kxd2 Bh6 13. a4 a5 14. Ra3 0-0-0+ 15. Ke2 Bxe3 16. Rxe3 Nh6 17. g4 Nf7 18. h4 Rd6 19. g5 Rhd8 20. gxf6 Rxf6 21. Ng5 Nd6 22. b3 h6 23. Nh3 Ne8 24. Rg1 Ng7 25. Reg3 Rdd6 26. Ke3 Nh5 27. Rg4 Kd7 28. f4 Nxf4 29. Nxf4 Rxf4 30. Rxf4 exf4+ 31. Kxf4 Rf6+ 32. Ke3 Ke6 33. Rd1 Rf8 34. Rg1 Rf6 35. Rd1 Rf8 36. Rg1 1/2-1/2

[Event "Pardubice op rapid 29th"]
[Site "Pardubice"]
[Date "2018.07.18"]
[Round "3"]
[White "Meleshko, Vladimir"]
[Black "Maslak, Alexander"]
[Result "1-0"]
[WhiteElo "2268"]
[BlackElo "2154"]
[PlyCount "47"]
[EventDate "2018.07.18"]
[EventType "swiss (rapid)"]
[EventRounds "9"]
[EventCountry "CZE"]
[SourceTitle "CBM 185 Extra"]
[Source "ChessBase"]
[SourceDate "2018.07.29"]
[SourceVersion "1"]
[SourceVersionDate "2018.07.29"]
[SourceQuality "1"]

1. e4 c5 2. Nf3 Nc6 3. d4 cxd4 4. Nxd4 g6 5. c4 Bg7 6. Be3 Nf6 7. Nc3 Ng4 8. Qxg4 Nxd4 9. Qd1 Ne6 10. Be2 Qa5 11. 0-0 g5 12. Bg4 Be5 13. Nd5 Bxb2 14. Rb1 Be5 15. Rb5 Qd8 16. Nxe7 Bxh2+ 17. Kxh2 Qxe7 18. Bxe6 fxe6 19. Bxg5 Qf7 20. Qd6 a6 21. Rc5 b5 22. Qb6 Qh5+ 23. Kg1 0-0 24. Be7 1-0

[Event "EU-ch blitz"]
[Site "Katowice"]
[Date "2017.12.15"]
[Round "6"]
[White "Maslak, Alexander"]
[Black "Sieciechowicz, Marcin"]
[Result "1-0"]
[WhiteElo "2154"]
[BlackElo "2387"]
[PlyCount "75"]
[EventDate "2017.12.15"]
[EventType "swiss (blitz)"]
[EventRounds "22"]
[EventCountry "POL"]
[SourceTitle "CBM 182 Extra"]
[Source "ChessBase"]
[SourceDate "2018.02.23"]
[SourceVersion "1"]
[SourceVersionDate "2018.02.23"]
[SourceQuality "1"]

1. e4 e6 2. d4 d5 3. Nc3 Bb4 4. e5 c5 5. Bd2 Nh6 6. a3 Bxc3 7. bxc3 Nc6 8. Nf3 Nf5 9. Bd3 Nh4 10. Nxh4 Qxh4 11. g3 Qe7 12. Be3 c4 13. Be2 Bd7 14. 0-0 f6 15. f4 0-0-0 16. Qd2 Rdf8 17. a4 Be8 18. exf6 gxf6 19. f5 h5 20. fxe6 Qxe6 21. Rae1 Bg6 22. Bf3 Qd7 23. Bf4 h4 24. g4 h3 25. Bg3 Rhg8 26. Qf4 Be4 27. Bxe4 dxe4 28. Rxe4 Re8 29. Rxe8+ Rxe8 30. Qxf6 Qxg4 31. Qf5+ Qxf5 32. Rxf5 Re2 33. Rf2 Re3 34. d5 Ne7 35. d6 Nd5 36. Rf8+ Kd7 37. Rf7+ Ke6 38. d7 1-0

[Event "EU-ch blitz"]
[Site "Katowice"]
[Date "2017.12.15"]
[Round "7"]
[White "Maslak, Alexander"]
[Black "Vykouk, Jan"]
[Result "1-0"]
[WhiteElo "2154"]
[BlackElo "2435"]
[PlyCount "99"]
[EventDate "2017.12.15"]
[EventType "swiss (blitz)"]
[EventRounds "22"]
[EventCountry "POL"]
[SourceTitle "CBM 182 Extra"]
[Source "ChessBase"]
[SourceDate "2018.02.23"]
[SourceVersion "1"]
[SourceVersionDate "2018.02.23"]
[SourceQuality "1"]

1. e4 c5 2. Nf3 Nc6 3. d4 cxd4 4. Nxd4 Qb6 5. Nb3 Nf6 6. Nc3 e6 7. Be3 Qc7 8. a3 a6 9. f4 d6 10. Bd3 b5 11. Qf3 Bb7 12. 0-0 Be7 13. Rae1 Rc8 14. Qh3 h5 15. f5 e5 16. Bg5 Nb8 17. Qh4 Nbd7 18. h3 Qd8 19. Nd2 Ng8 20. Nf3 Bxg5 21. Nxg5 Qf6 22. Qg3 Ne7 23. h4 Nc5 24. Qe3 Qh6 25. Qf2 f6 26. Ne6 Nxe6 27. fxe6 Qh7 28. Qb6 Bc6 29. Qxa6 0-0 30. Qa7 Rfe8 31. Bxb5 Bxb5 32. Nxb5 Rxc2 33. Nxd6 Qg6 34. Rf2 Rxf2 35. Kxf2 Qg4 36. Nxe8 Qxh4+ 37. Ke2 Qxe4+ 38. Qe3 Qxg2+ 39. Kd1 Qd5+ 40. Kc1 Qc6+ 41. Kb1 Qxe8 42. Rg1 Qc6 43. Qh6 Nf5 44. Qxf6 Qe4+ 45. Ka1 Qe3 46. Qf7+ Kh8 47. Qxh5+ Kg8 48. Qf7+ Kh8 49. Rh1+ Nh6 50. e7 1-0

[Event "EU-ch blitz"]
[Site "Katowice"]
[Date "2017.12.15"]
[Round "8"]
[White "Vykouk, Jan"]
[Black "Maslak, Alexander"]
[Result "1-0"]
[WhiteElo "2435"]
[BlackElo "2154"]
[PlyCount "92"]
[EventDate "2017.12.15"]
[EventType "swiss (blitz)"]
[EventRounds "22"]
[EventCountry "POL"]
[SourceTitle "CBM 182 Extra"]
[Source "ChessBase"]
[SourceDate "2018.02.23"]
[SourceVersion "1"]
[SourceVersionDate "2018.02.23"]
[SourceQuality "1"]

1. e4 c5 2. Nf3 Nc6 3. Bb5 g6 4. Bxc6 dxc6 5. 0-0 Bg7 6. d3 e5 7. h3 Qe7 8. a3 Nf6 9. b4 cxb4 10. axb4 0-0 11. b5 c5 12. c4 Bd7 13. Nc3 a6 14. bxa6 Rxa6 15. Rb1 Bc6 16. Re1 Nh5 17. Bg5 f6 18. Be3 Qd6 19. Nd5 f5 20. Qc2 f4 21. Bd2 h6 22. Nh4 Kh7 23. Bc3 Qd8 24. Nf3 Re8 25. Qb2 Qd6 26. Ra1 Rxa1 27. Rxa1 g5 28. Ra5 Kg6 29. Qb6 Bf8 30. Bb2 Nf6 31. Ba3 Nd7 32. Qb2 h5 33. Nd2 g4 34. h4 Be7 35. g3 fxg3 36. fxg3 Rf8 37. Qc2 Qe6 38. Ne3 Bd8 39. Ra8 Nb6 40. Bxc5 Nxa8 41. Bxf8 Bb6 42. c5 Ba7 43. Ndc4 Nc7 44. Qf2 Nb5 45. Nf5 Nd4 46. Nxd4 exd4 1-0

[Event "Pardubice Czech op-B 28th"]
[Site "Pardubice"]
[Date "2017.07.26"]
[Round "6"]
[White "Loecken, Siegfried"]
[Black "Maslak, Alexander"]
[Result "0-1"]
[WhiteElo "2059"]
[BlackElo "2177"]
[PlyCount "74"]
[EventDate "2017.07.21"]
[EventType "swiss"]
[EventRounds "9"]
[EventCountry "CZE"]
[SourceTitle "CBM 179 Extra"]
[Source "ChessBase"]
[SourceDate "2017.08.23"]
[SourceVersion "1"]
[SourceVersionDate "2017.08.23"]
[SourceQuality "1"]

1. e4 c5 2. Nc3 a6 3. g3 b5 4. Bg2 Bb7 5. d3 e6 6. f4 d5 7. f5 d4 8. fxe6 fxe6 9. Nce2 e5 10. Nf3 Bd6 11. c3 Nf6 12. Qb3 Nc6 13. cxd4 cxd4 14. a4 Na5 15. Qe6+ Qe7 16. Bh3 Bc8 17. Qxe7+ Kxe7 18. Bxc8 Rhxc8 19. axb5 Nb3 20. Rb1 axb5 21. Bg5 Ke6 22. Bxf6 Bb4+ 23. Kd1 gxf6 24. Rf1 Rc7 25. g4 h6 26. h4 Rg8 27. Rg1 Rcg7 28. Kc2 Nc5 29. g5 hxg5 30. Nexd4+ exd4 31. Nxd4+ Kd7 32. Nf5 Rh7 33. Ra1 Rc8 34. Ne3 Rxh4 35. Ra7+ Kd8 36. Nd5 Nd7+ 37. Kb3 Bc5 0-1

[Event "Pardubice Czech op-B 28th"]
[Site "Pardubice"]
[Date "2017.07.24"]
[Round "4"]
[White "Beyer, Christof"]
[Black "Maslak, Alexander"]
[Result "1/2-1/2"]
[WhiteElo "1987"]
[BlackElo "2177"]
[PlyCount "53"]
[EventDate "2017.07.21"]
[EventType "swiss"]
[EventRounds "9"]
[EventCountry "CZE"]
[SourceTitle "CBM 179 Extra"]
[Source "ChessBase"]
[SourceDate "2017.08.23"]
[SourceVersion "1"]
[SourceVersionDate "2017.08.23"]
[SourceQuality "1"]

1. e4 c5 2. Nf3 d6 3. d4 cxd4 4. Nxd4 Nf6 5. Nc3 Nc6 6. Bg5 e6 7. Qd2 a6 8. 0-0-0 Bd7 9. f4 h6 10. Bh4 Nxe4 11. Qe1 Nf6 12. Nf5 Qa5 13. Nxd6+ Bxd6 14. Rxd6 0-0-0 15. Bxf6 gxf6 16. Qd2 Ne7 17. Bc4 Bc6 18. Rd1 Rxd6 19. Qxd6 Nf5 20. Qd3 Qc5 21. Ne4 Bxe4 22. Qxe4 Qe3+ 23. Qxe3 Nxe3 24. Rd4 Nxg2 25. f5 e5 26. Rd2 Nf4 27. Bxf7 1/2-1/2

[Event "Pardubice op rapid 28th"]
[Site "Pardubice"]
[Date "2017.07.20"]
[Round "8"]
[White "Kyrychenko, Maryan"]
[Black "Maslak, Alexander"]
[Result "1-0"]
[WhiteElo "2010"]
[BlackElo "2177"]
[PlyCount "55"]
[EventDate "2017.07.19"]
[EventType "swiss (rapid)"]
[EventRounds "9"]
[EventCountry "CZE"]
[SourceTitle "CBM 179 Extra"]
[Source "ChessBase"]
[SourceDate "2017.08.23"]
[SourceVersion "1"]
[SourceVersionDate "2017.08.23"]
[SourceQuality "1"]

1. e4 c5 2. Nc3 Nc6 3. f4 g6 4. Nf3 Bg7 5. Bb5 Nd4 6. 0-0 Nxb5 7. Nxb5 a6 8. Nc3 d6 9. d3 e6 10. f5 h6 11. fxg6 fxg6 12. Kh1 g5 13. Nd2 Nf6 14. e5 dxe5 15. Nde4 0-0 16. Nxc5 b6 17. N5e4 Bb7 18. Be3 Qc7 19. Nxf6+ Rxf6 20. Rxf6 Bxf6 21. Qg4 Re8 22. Qh5 Re7 23. Qxh6 Bg7 24. Qxg5 Rf7 25. Qg4 Qc6 26. Rg1 b5 27. a3 a5 28. h3 1-0

[Event "Pardubice op rapid 28th"]
[Site "Pardubice"]
[Date "2017.07.20"]
[Round "7"]
[White "Maslak, Alexander"]
[Black "Babicka, Michal"]
[Result "1/2-1/2"]
[WhiteElo "2177"]
[BlackElo "2005"]
[PlyCount "94"]
[EventDate "2017.07.19"]
[EventType "swiss (rapid)"]
[EventRounds "9"]
[EventCountry "CZE"]
[SourceTitle "CBM 179 Extra"]
[Source "ChessBase"]
[SourceDate "2017.08.23"]
[SourceVersion "1"]
[SourceVersionDate "2017.08.23"]
[SourceQuality "1"]

1. e4 c5 2. Nf3 d6 3. d4 cxd4 4. Nxd4 Nf6 5. Nc3 a6 6. Bg5 e6 7. f4 Be7 8. Qf3 Qc7 9. 0-0-0 Bd7 10. g4 Nc6 11. Rg1 0-0 12. Bh4 Nxd4 13. Rxd4 Bc6 14. g5 Nd7 15. f5 Ne5 16. Qh3 exf5 17. Qxf5 b5 18. Bg3 Rab8 19. h4 b4 20. Nd5 Bxd5 21. Rxd5 b3 22. axb3 Rxb3 23. Bxe5 dxe5 24. Qxe5 Qxe5 25. Rxe5 Bd6 26. Rd5 Bf4+ 27. Kb1 Re3 28. Bxa6 Rxe4 29. Bd3 Ra4 30. Rg4 Rfa8 31. c3 Ra1+ 32. Kc2 Rc1+ 33. Kb3 Bc7 34. Rd7 Ba5 35. Rb7 Rd8 36. Bc4 Bxc3 37. Bxf7+ Kh8 38. Rc4 Bd2 39. Rd4 Rcc8 40. Rxd8+ Rxd8 41. Kc4 g6 42. b4 Be1 43. h5 Bd2 44. hxg6 hxg6 45. Bxg6 Bxg5 46. b5 Be3 47. Re7 Bg1 1/2-1/2

[Event "Pardubice op rapid 28th"]
[Site "Pardubice"]
[Date "2017.07.20"]
[Round "5"]
[White "Maslak, Alexander"]
[Black "Potapov, Alexander1111"]
[Result "0-1"]
[WhiteElo "2177"]
[BlackElo "2402"]
[PlyCount "110"]
[EventDate "2017.07.19"]
[EventType "swiss (rapid)"]
[EventRounds "9"]
[EventCountry "CZE"]
[SourceTitle "CBM 179 Extra"]
[Source "ChessBase"]
[SourceDate "2017.08.23"]
[SourceVersion "1"]
[SourceVersionDate "2017.08.23"]
[SourceQuality "1"]

1. e4 g6 2. d4 Bg7 3. Nc3 c6 4. Nf3 d6 5. a4 a5 6. Bc4 Nf6 7. 0-0 0-0 8. Bb3 Bg4 9. h3 Bxf3 10. Qxf3 e5 11. dxe5 dxe5 12. Be3 Qe7 13. Rad1 Na6 14. Rd2 Nc5 15. Bxc5 Qxc5 16. Rfd1 Qe7 17. Rd6 Rfd8 18. Qd3 Rxd6 19. Qxd6 Bf8 20. Qd3 Qb4 21. Qf3 Kg7 22. g4 h6 23. h4 Qe7 24. Ne2 b6 25. Ng3 Ra7 26. Kg2 Rd7 27. c3 Rxd1 28. Qxd1 Qd7 29. g5 hxg5 30. hxg5 Qxd1 31. gxf6+ Kxf6 32. Bxd1 Bh6 33. Ne2 Ke7 34. Kf3 Bd2 35. Kg4 Kd6 36. Bb3 Ke7 37. Bc4 Kf6 38. Ba6 Ke7 39. f4 exf4 40. Nxf4 Bc1 41. Nd3 Bd2 42. Kf3 Bh6 43. Bc4 Bg7 44. e5 f5 45. exf6+ Bxf6 46. Ke4 Kd6 47. Bf7 g5 48. Kf5 Be7 49. Nf2 b5 50. Ne4+ Kc7 51. axb5 cxb5 52. Be8 Kb6 53. Ke6 Bf8 54. Kf5 a4 55. Kxg5 Ka5 0-1

[Event "Wch Seniors 50 26th"]
[Site "Marianske Lazne"]
[Date "2016.11.27"]
[Round "8"]
[White "Vepkhvishvili, Varlam"]
[Black "Maslak, Alexander"]
[Result "1/2-1/2"]
[WhiteElo "2086"]
[BlackElo "2186"]
[PlyCount "119"]
[EventDate "2016.11.19"]
[EventType "swiss"]
[EventRounds "11"]
[EventCountry "CZE"]
[SourceTitle "CBM 175 Extra"]
[Source "ChessBase"]
[SourceDate "2016.12.12"]
[SourceVersion "1"]
[SourceVersionDate "2016.12.12"]
[SourceQuality "1"]

1. e4 c5 2. Nc3 Nc6 3. Nge2 g6 4. d4 cxd4 5. Nxd4 Bg7 6. Be3 Nf6 7. Be2 0-0 8. Nb3 a5 9. a4 Nb4 10. f4 d5 11. e5 Ne4 12. Nxe4 dxe4 13. Nc5 Nd5 14. Bc1 f5 15. 0-0 e6 16. Nb3 g5 17. g3 gxf4 18. gxf4 Bh6 19. c4 Bxf4 20. cxd5 Bxh2+ 21. Kxh2 Qh4+ 22. Kg2 Kh8 23. Rf4 Rg8+ 24. Bg4 exd5 25. Nd4 Ra6 26. e6 Bxe6 27. Nxe6 Rxe6 28. Be3 Rxg4+ 29. Rxg4 fxg4 30. Bd4+ Kg8 31. Qh1 Qg5 32. Qe1 Qf4 33. Qe3 Qf3+ 34. Qxf3 gxf3+ 35. Kf2 Rh6 36. Rg1+ Kf7 37. Rg7+ Ke6 38. Rxb7 Rh2+ 39. Ke1 e3 40. Bxe3 Re2+ 41. Kf1 Rxe3 42. Kf2 Rd3 43. Rxh7 Rb3 44. Ra7 Ke5 45. Rxa5 Rxb2+ 46. Kxf3 Kd4 47. Ra8 Kd3 48. a5 d4 49. a6 Rb6 50. a7 Rf6+ 51. Kg2 Rf7 52. Kg1 Rd7 53. Kf2 Kd2 54. Kf3 d3 55. Ke4 Rc7 56. Kd5 Kc2 57. Kd6 Rc3 58. Ke5 d2 59. Rd8 Ra3 60. Rc8+ 1/2-1/2

[Event "Pardubice Czech op-B 27th"]
[Site "Pardubice"]
[Date "2016.07.23"]
[Round "2"]
[White "Maslak, Alexander"]
[Black "Pozzobon, Davide"]
[Result "1/2-1/2"]
[WhiteElo "2195"]
[BlackElo "1988"]
[PlyCount "102"]
[EventDate "2016.07.22"]
[EventType "swiss"]
[EventRounds "9"]
[EventCountry "CZE"]
[SourceTitle "CBM 173 Extra"]
[Source "ChessBase"]
[SourceDate "2016.08.29"]
[SourceVersion "1"]
[SourceVersionDate "2016.08.29"]
[SourceQuality "1"]

1. e4 c5 2. Nf3 d6 3. d4 cxd4 4. Nxd4 Nf6 5. Nc3 g6 6. Be3 Bg7 7. f3 Nc6 8. Qd2 0-0 9. Bc4 Bd7 10. Bb3 Rc8 11. 0-0-0 Nxd4 12. Bxd4 b5 13. e5 dxe5 14. Bxe5 Bc6 15. Qxd8 Rfxd8 16. Rxd8+ Rxd8 17. Rd1 Bh6+ 18. Kb1 Rxd1+ 19. Nxd1 Nd5 20. Bd4 a6 21. c4 Nc7 22. Bb6 Ne6 23. Nc3 Nf4 24. g3 Nd3 25. cxb5 axb5 26. Nd5 Kf8 27. f4 Bg7 28. Nc3 Nxb2 29. Kxb2 b4 30. Bc4 Ba4 31. Bb3 bxc3+ 32. Kc2 Bxb3+ 33. axb3 e5 34. fxe5 Bxe5 35. Ba5 Bd4 36. Bxc3 Bg1 37. h3 Bf2 38. g4 f5 39. gxf5 gxf5 40. Kd3 Ke7 41. Bd4 Be1 42. Bc3 Bf2 43. b4 Kd6 44. Bd4 Be1 45. b5 Kd5 46. Bg1 Bb4 47. Be3 Bc5 48. h4 Bxe3 49. Kxe3 Kc5 50. Kf4 Kxb5 51. Kxf5 Kc6 1/2-1/2

[Event "Pardubice Czech op-B 26th"]
[Site "Pardubice"]
[Date "2015.08.01"]
[Round "9"]
[White "Gaboshvili, Georgii"]
[Black "Maslak, Alexander"]
[Result "1/2-1/2"]
[WhiteElo "2002"]
[BlackElo "2180"]
[PlyCount "29"]
[EventDate "2015.07.24"]
[EventType "swiss"]
[EventRounds "9"]
[EventCountry "CZE"]
[SourceTitle "EXT 2017"]
[Source "ChessBase"]
[SourceDate "2016.10.25"]
[SourceVersion "1"]
[SourceVersionDate "2016.10.25"]
[SourceQuality "1"]

1. e4 c5 2. Nf3 Nc6 3. d4 cxd4 4. Nxd4 Nf6 5. Nc3 e5 6. Ndb5 d6 7. Bg5 a6 8. Na3 b5 9. Nd5 Be7 10. Bxf6 Bxf6 11. c4 b4 12. Nc2 a5 13. g3 0-0 14. h4 Be6 15. Bh3 1/2-1/2

[Event "Pardubice Czech op-B 26th"]
[Site "Pardubice"]
[Date "2015.07.31"]
[Round "8"]
[White "Maslak, Alexander"]
[Black "Schnabel, Bennett"]
[Result "1/2-1/2"]
[WhiteElo "2180"]
[BlackElo "1894"]
[PlyCount "101"]
[EventDate "2015.07.24"]
[EventType "swiss"]
[EventRounds "9"]
[EventCountry "CZE"]
[SourceTitle "EXT 2017"]
[Source "ChessBase"]
[SourceDate "2016.10.25"]
[SourceVersion "1"]
[SourceVersionDate "2016.10.25"]
[SourceQuality "1"]

1. e4 c5 2. Nf3 Nc6 3. d4 cxd4 4. Nxd4 g6 5. c4 Bg7 6. Be3 Nf6 7. Nc3 0-0 8. Be2 d6 9. 0-0 Bd7 10. f3 Nxd4 11. Bxd4 Bc6 12. Qd2 a5 13. b3 Nd7 14. Be3 Nc5 15. Rab1 Qb6 16. Rfd1 Rfc8 17. Bf2 Qb4 18. Nd5 Bxd5 19. exd5 Qxd2 20. Rxd2 Bc3 21. Rc2 Bb4 22. Bh4 f6 23. Bg3 Kf7 24. Bd1 Nd3 25. Re2 b5 26. cxb5 Rc5 27. Rc2 Rxc2 28. Bxc2 Bc5+ 29. Kf1 Nb4 30. Bd1 Nxa2 31. Be1 Bb4 32. Ra1 Bxe1 33. Rxa2 Bb4 34. Be2 Rc8 35. Bc4 f5 36. Ke2 Ke8 37. Kd3 Kf7 38. Re2 Bc5 39. g4 fxg4 40. fxg4 Rb8 41. h4 Rf8 42. Ra2 Ra8 43. Ke4 Kg7 44. Be2 h6 45. Bd3 Bb6 46. Ra4 Rf8 47. Be2 g5 48. hxg5 hxg5 49. Kd3 Kg6 50. Rc4 Bc5 51. Re4 1/2-1/2